000 00910cam a2200241 4500
001 ABS68387
008 041021n2004 000 0 eng u
035 _a(Sirsi) u127789
100 _aBentley, J.
245 _aWill the rural buildings conversion boom continue?
260 _c2004
490 _aTown and Country Planning
_v73(10) October 2004, 294-297(4)
520 _aInvestigation into whether PPS7, "Sustainable development in rural areas" and its promotion of converting rural buildings for business use is in line with government commitment to sustainable development. Includes findings of a survey into rural businesses and why they were located where they were.
590 _aABS
590 _aABS
650 _aPPS7
650 _aRURAL BUILDINGS
650 _aCONVERSIONS
650 _aRURAL BUSINESSES
650 _aSUSTAINABLE DEVELOPMENT
690 _aRURAL
_96268
942 _n0
999 _c118208
_d118208